00225nam a2200073Ia 4500008004100000082001700041245007300058300002000131230907s9999||||xx |||||||||||||| ||und|| a621.3191,MON 0aMonitoring, control and protection of interconnected power systems / axx, 391 pages :